00727cam a2200229 a 45000010008000000030005000080050017000130080041000300100017000710200015000880400018001030500022001210820021001431000027001642450094001912600038002853000032003235000020003555010008003756500066003836500048004494867977NUST20171218100935.0920304s1992 azua 001 0 eng  a 92009672  a0897747224 aDLCcDLCdDLC00aPE1475b.D38 199200a808.0665 DAY2201 aDay, Robert A.,d1924-10aScientific English :ba guide for scientists and other professionals /cby Robert A. Day. aPhoenix, AZ :bOryx Press,c1992. ax, 125 p. :bill. ;c23 cm. aIncludes index. aP.B 0aEnglish languagexTechnical EnglishvHandbooks, manuals, etc. 0aTechnical writingvHandbooks, manuals, etc.